000 00271nam a22000977a 4500
100 _aMathew, T.V.
245 _aRubber Board @ 75. 7. Statistics, thozhilalikshema vibhagangal
260 _bRubber, 692 (January): 2024. 18-21.
650 _aRubber Board history
942 _cJS
999 _c75192
_d75192